Most Streamed Lil Uzi Vert Songs - Statistics

General Stats
  • This quiz has been taken 189 times
    31 since last reset
  • The average score is 9 of 20
Answer Stats
# Streams Answer % Correct
1 2,491,852,252 XO Tour Llif3
100%
3 1,251,346,312 The Way Life Goes
86%
2 1,466,222,021 20 Min
82%
7 781,413,657 Money Longer
82%
6 848,038,187 Just Wanna Rock
77%
10 584,105,591 Erase Your Social
59%
5 849,966,517 Shoota
55%
20 361,648,246 Neon Guts
41%
11 545,531,717 Sanguine Paradise
41%
9 617,749,693 wokeuplikethis*
41%
16 430,047,755 Myron
32%
17 390,858,127 Sauce It Up
32%
8 778,921,256 Wasted
27%
15 462,788,263 You Was Right
27%
4 1,036,286,595 Bad and Boujee
23%
19 369,768,704 Futsal Shuffle 2020
18%
12 544,051,193 Life Goes On
18%
13 515,299,245 Watch This - ARIZONATEARS Pluggnb Remix
9%
18 379,361,531 Drankin N Smokin
5%
14 465,931,473 PTSD
5%
No matching quizzes found
Score Distribution
Percent of People with Each Score
Percentile by Number Answered
Your Score History
You have not taken this quiz since the last reset